000 00595nam a2200181 u 4500
001 000628328
003 AM-YeHGA
005 20250617140336.0
008 090202s1961 ||| r 000 0 rus d
040 _aAM-YeHGA
041 0 _arus
100 1 _aМальчиков, Владимир Александрович
245 1 0 _aЧеремуха :
_bРассказы /
_cВл. Мальчиков.
260 _aВладимир :
_bВладимир. кн. изд-во,
_c1961.
300 _a66 с. :
_bил.
653 0 _aРусская советская литература
090 _c219758
999 _c218230
_d218230